Welcome to the Holygrace Academy Library

Please use search bar below to get started

THE SWORDS OF DARKNESS (Record no. 3971)

MARC details
000 -LEADER
fixed length control field 00305nam a22001337a 4500
020 ## - INTERNATIONAL STANDARD BOOK NUMBER
ISBN 978-9351-749660
082 ## - DEWEY DECIMAL CLASSIFICATION NUMBER
Classification number 823
Item number SWA/S
100 ## - MAIN ENTRY--AUTHOR NAME
Personal name SWARNIM
245 ## - TITLE STATEMENT
Title THE SWORDS OF DARKNESS
260 ## - PUBLICATION, DISTRIBUTION, ETC. (IMPRINT)
Place of publication DELHI
Name of publisher TSOD PUBLISHERS AND DISTRIBUTORS
Year of publication 2014
300 ## - PHYSICAL DESCRIPTION
Number of Pages 134
650 ## - SUBJECT ADDED ENTRY--TOPICAL TERM
Topical Term NOVEL
Geographic subdivision INDIA
942 ## - ADDED ENTRY ELEMENTS (KOHA)
Koha item type Books
Holdings
Withdrawn status Lost status Collection code Home library Current library Shelving location Date acquired Source of acquisition Cost, normal purchase price Full call number Accession Number Koha item type
    Fiction Main Library Main Library SHELF-14-L- ALPHABETICAL- S --ENGLISH NOVELS & FICTIONS 19/08/2016 purchase 199.00 823 SWA/S 09748 Books
    Fiction Main Library Main Library SHELF-14-L- ALPHABETICAL- S --ENGLISH NOVELS & FICTIONS 19/08/2016 purchase 199.00 823 SWA/S 09747 Books